1962 1437 1354 1471 1045 1235 1302 1225 1364 1905 1367 1924 1480 1621 1308 1977 1984 1673 1300 1952 1292 1789 1321 1637 1769 1276 1210 1798 1354 1802 1923 1932 1191 1244 1748 1837 1381 1635 1640 1387 1813 1545 1863 1713 1762 1879 1292 1590 1414 1975 1029 1203 1436 1112 1108 1484 1162 1945 1371 1242 1171 1818 1931 1947 1241 1508 1732 1681 1548 1242 1293 1578 1755 1481 1179 1260 1844 1814 1485 1119 1682 1998 1338 1581 1473 1542 1550 1221 1642 1431 1426 1171 1769 1044 1746 1981 1792 1841 1658 BCNSPRNW ULIB Ver.6.0+V

เปลี่ยนเป็นภาษาไทย

Change to English
 แสดงรายละเอียดบรรณานุกรม
  กลับหน้าหลัก

Brief Record : Get Marc (ISO 2709) : E-mail record : QR code < ปิดหน้าต่าง
LEADER : 00000nam 2200000uu 4500
001    13399112908
003     ULIB
008    110916s2552||||th 000 0 tha d
020    9789742556891
090    นว.^bพ541ก 2552
100 0  พัดชา
245 00 กับดักหัวใจ/^cพัดชา
250    พิมพ์ครั้งที่ 1
260    กรุงเทพฯ :^bศิลปาบรรณาคาร,^c2552
300    624 หน้า
945    ^p320^l0^i17079
995    กัณชพร
999     ^aใช้งานได้ทุกระบบ
รายการนี้ยังไม่มีแท็ก
คุณยังไม่ได้ล็อกอิน คุณสามารถมีกิจกรรมร่วมกับเว็บไซต์ได้ แต่ต้องล็อกอินก่อน ::
  ล็อกอิน

รายการสื่อสารสนเทศ

ลำดับที่ ประเภท เลขเรียก/บาร์โค้ด สถานที่ สถานะ
1. วิทยาศาสตร์การแพทย์ และสุขภาพ
วิทยาศาสตร์การแพทย์ และสุขภาพ
นว. พ541ก 2552  
  Barcode: 17079
ห้องสมุดวิทยาเขตสวรรค์ประชารักษ์
►นวนิยาย
บนชั้น
  ขอยืม

รายการใกล้เคียง
    ผู้แต่ง [พัดชา]

BibComment


ยังไม่เคยถูกคอมเมนท์

คอมเมนท์ทรัพยากรรายการนี้
  คอมเมนท์: กับดักหัวใจ พัดชา


 Copyright 2026. Bcnsprnw @Library